000 00258nam a2200109Ia 4500
008 230206s9999 xx 000 0 und d
022 _a0972-7272
041 _aeng
245 _aJournal of Digital Information Management
260 _bSamutkarsh
650 _aIT
999 _c97558
_d97558